[Event "Niedersachsen-ch U18"]
[Site "Rotenburg"]
[Date "2013.03.27"]
[Round "6"]
[White "Tautz, Felix"]
[Black "Almeev, Timur"]
[Result "1/2-1/2"]
[WhiteElo "1717"]
[BlackElo "1788"]
[PlyCount "43"]
[EventDate "2013.03.23"]
[EventType "swiss"]
[EventRounds "9"]
[EventCountry "GER"]
[SourceTitle "EXT 2015"]
[Source "ChessBase"]
[SourceDate "2014.11.20"]
[SourceVersion "1"]
[SourceVersionDate "2014.11.20"]
[SourceQuality "1"]

1. d4 d5 2. c4 c6 3. Nf3 e6 4. Nc3 Nf6 5. Bg5 dxc4 6. e3 b5 7. a4 Bb4 8. Nd2 Bxc3 9. bxc3 Nbd7 10. Be2 h6 11. Bh4 0-0 12. Bf3 Qc7 13. axb5 Nd5 14. bxc6 N7b6 15. Qc2 Qxc6 16. 0-0 Bd7 17. Ra6 Rfb8 18. Rfa1 Rb7 19. Be7 Qc8 20. Bc5 Bc6 21. Ne4 Rd7 22. Nd6 1/2-1/2

[Event "Niedersachsen-ch U18"]
[Site "Rotenburg"]
[Date "2013.03.24"]
[Round "3"]
[White "Spieker, Christine"]
[Black "Tautz, Felix"]
[Result "1-0"]
[WhiteElo "1660"]
[BlackElo "1717"]
[PlyCount "99"]
[EventDate "2013.03.23"]
[EventType "swiss"]
[EventRounds "9"]
[EventCountry "GER"]
[SourceTitle "EXT 2015"]
[Source "ChessBase"]
[SourceDate "2014.11.20"]
[SourceVersion "1"]
[SourceVersionDate "2014.11.20"]
[SourceQuality "1"]

1. Nf3 d5 2. c4 c6 3. b3 Nf6 4. Bb2 Nbd7 5. g3 e6 6. Bg2 Bd6 7. 0-0 e5 8. d3 0-0 9. c5 Bc7 10. b4 Re8 11. e3 e4 12. dxe4 Nxe4 13. Nbd2 Nxd2 14. Qxd2 Nf6 15. Qd4 Re4 16. Qd2 a5 17. a3 Re8 18. Rad1 Bf5 19. Qc3 Re7 20. Rfe1 Ne8 21. Nh4 Be5 22. Qb3 a4 23. Qa2 Bc2 24. Rd2 Bb3 25. Qa1 Bxb2 26. Qxb2 Qc7 27. e4 dxe4 28. Rxe4 Rxe4 29. Bxe4 Nf6 30. Bf3 Re8 31. Qd4 Nd5 32. Nf5 f6 33. Nd6 Re5 34. Be4 Re7 35. Qd3 g6 36. Re2 f5 37. Bxd5+ Bxd5 38. f3 b5 39. Kf2 Rxe2+ 40. Qxe2 Qd7 41. Qe5 Qe6 42. Qxe6+ Bxe6 43. Ke3 Kg7 44. h3 f4+ 45. Kxf4 Bxh3 46. g4 Bf1 47. g5 Bd3 48. Ke5 h5 49. gxh6+ Kxh6 50. Nf7+ 1-0

[Event "Niedersachsen-ch op-A"]
[Site "Verden"]
[Date "2013.01.04"]
[Round "3"]
[White "Tautz, Felix"]
[Black "Gottwald, Siegmar"]
[Result "0-1"]
[WhiteElo "1725"]
[BlackElo "1868"]
[PlyCount "108"]
[EventDate "2013.01.03"]
[EventType "swiss"]
[EventRounds "7"]
[EventCountry "GER"]
[SourceTitle "EXT 2014"]
[Source "ChessBase"]
[SourceDate "2013.11.20"]
[SourceVersion "1"]
[SourceVersionDate "2013.11.20"]
[SourceQuality "1"]

1. d4 Nf6 2. Nf3 g6 3. Bg5 Bg7 4. Nbd2 d6 5. e4 Nbd7 6. c3 h6 7. Be3 b6 8. Bd3 0-0 9. 0-0 e5 10. d5 Ng4 11. Qe2 Nxe3 12. Qxe3 Nc5 13. Bc2 f5 14. b4 f4 15. Qe2 Nd7 16. g3 g5 17. Ne1 Nf6 18. Nd3 Bh3 19. Rfe1 Qe7 20. Nf3 Bg4 21. Bd1 Nh5 22. Qc2 fxg3 23. Re3 gxf2+ 24. Nxf2 Bxf3 25. Bxf3 Nf4 26. Bg4 h5 27. Bf5 g4 28. Rf1 Qg5 29. Qd2 Bh6 30. Rfe1 Kh8 31. Kh1 Qh4 32. Rg3 Qg5 33. Qd1 Rf6 34. Reg1 Raf8 35. c4 Rxf5 36. exf5 Qxf5 37. Re1 Ng6 38. Ne4 Bf4 39. Rgg1 Rf7 40. Ng3 Qg5 41. Qd3 Nh4 42. Ref1 Qg7 43. Nxh5 Qh6 44. Nxf4 Rxf4 45. Qe3 Nf3 46. Rg2 Qh3 47. Rff2 Rd4 48. Qe2 Qh5 49. Qf1 e4 50. Qa1 Kh7 51. Qb1 Rd3 52. Re2 Qf5 53. Qc2 Nd4 54. Qb1 Nxe2 0-1

[Event "Niedersachsen-ch U16"]
[Site "Rotenburg"]
[Date "2012.04.04"]
[Round "7"]
[White "Tautz, Felix"]
[Black "Koch, Yannick"]
[Result "0-1"]
[WhiteElo "1795"]
[BlackElo "1647"]
[PlyCount "102"]
[EventDate "2012.03.31"]
[EventType "swiss"]
[EventRounds "9"]
[EventCountry "GER"]
[SourceTitle "EXT 2015"]
[Source "ChessBase"]
[SourceDate "2014.11.20"]
[SourceVersion "1"]
[SourceVersionDate "2014.11.20"]
[SourceQuality "1"]

1. d4 e6 2. Nf3 c5 3. c3 cxd4 4. Nxd4 Nc6 5. Nf3 d5 6. Bf4 Bd6 7. Bxd6 Qxd6 8. Nbd2 Nf6 9. g3 0-0 10. Bg2 e5 11. 0-0 e4 12. Ne1 Ng4 13. h3 Nge5 14. Nxe4 Qh6 15. Qxd5 Bxh3 16. Qd2 Qh5 17. Qg5 Qxg5 18. Nxg5 Bxg2 19. Nxg2 h6 20. Ne4 Nc4 21. b3 Rfe8 22. Nc5 b6 23. Na6 Nd2 24. Rfe1 Re7 25. f3 Rae8 26. Nf4 Nxf3+ 27. Kf2 Nxe1 28. Rxe1 Rd8 29. Nd3 Ne5 30. Rd1 Ng4+ 31. Kf3 h5 32. Rd2 Re3+ 33. Kg2 Rde8 34. Nf4 Rxc3 35. Nxh5 g6 36. Nf4 Ree3 37. Rd3 Rxe2+ 38. Kf3 Rxd3+ 39. Kxe2 Re3+ 40. Kd2 Rxg3 41. Nb4 g5 42. Nfd3 f5 43. Kc3 Nf2 44. Kc4 Nxd3 45. Nxd3 Rxd3 46. Kxd3 Kf7 47. Kc4 Ke6 48. Kb5 g4 49. Ka6 g3 50. Kxa7 g2 51. Kxb6 g1Q+ 0-1

[Event "Niedersachsen-ch U16"]
[Site "Rotenburg"]
[Date "2012.04.02"]
[Round "4"]
[White "Remmert, Julian"]
[Black "Tautz, Felix"]
[Result "1/2-1/2"]
[WhiteElo "1294"]
[BlackElo "1795"]
[PlyCount "83"]
[EventDate "2012.03.31"]
[EventType "swiss"]
[EventRounds "9"]
[EventCountry "GER"]
[SourceTitle "EXT 2015"]
[Source "ChessBase"]
[SourceDate "2014.11.20"]
[SourceVersion "1"]
[SourceVersionDate "2014.11.20"]
[SourceQuality "1"]

1. d4 d5 2. c4 e6 3. Nc3 Nf6 4. cxd5 exd5 5. Bg5 Be7 6. e3 0-0 7. Bd3 Nbd7 8. Qc2 Re8 9. Nge2 Nf8 10. 0-0 g6 11. Rae1 Ne6 12. Bh4 Ng7 13. f3 Nf5 14. Bf2 c6 15. e4 Ng7 16. Ng3 dxe4 17. Ncxe4 Ne6 18. Nxf6+ Bxf6 19. Re4 Bxd4 20. Bxd4 Nxd4 21. Qd2 Rxe4 22. Nxe4 Bf5 23. Re1 Bxe4 24. Rxe4 Ne6 25. Qe3 Qb6 26. Qxb6 axb6 27. Bc4 Kf8 28. a3 Ra4 29. Bxe6 Rxe4 30. fxe4 fxe6 31. Kf2 e5 32. Ke3 Ke7 33. b4 b5 34. g4 Kd6 35. Kd3 b6 36. h4 c5 37. Kc3 Ke6 38. g5 Kf7 39. Kd3 c4+ 40. Kc3 Kg7 41. Kc2 h6 42. Kc3 1/2-1/2

[Event "Niedersachsen-ch op"]
[Site "Verden"]
[Date "2011.01.03"]
[Round "4"]
[White "Zotin, Vladimir"]
[Black "Tautz, Felix"]
[Result "1/2-1/2"]
[WhiteElo "1939"]
[BlackElo "1759"]
[PlyCount "72"]
[EventDate "2011.01.02"]
[EventType "swiss"]
[EventRounds "7"]
[EventCountry "GER"]
[SourceTitle "EXT 2018"]
[Source "ChessBase"]
[SourceDate "2017.10.13"]
[SourceVersion "1"]
[SourceVersionDate "2017.10.13"]
[SourceQuality "1"]

1. e4 d5 2. exd5 Qxd5 3. d4 c6 4. c4 Qd8 5. Nc3 Nf6 6. Nf3 Bg4 7. Be2 e6 8. 0-0 Be7 9. Bf4 0-0 10. Qb3 Bxf3 11. Bxf3 Qxd4 12. Qxb7 Nbd7 13. Ne2 Qxc4 14. Rfc1 Qb4 15. Qxb4 Bxb4 16. Bxc6 Rac8 17. Bb7 Rxc1+ 18. Rxc1 Nc5 19. a3 Bxa3 20. bxa3 Nxb7 21. Rc7 Rd8 22. g3 Rd7 23. Rc8+ Rd8 24. Rc1 h6 25. Be3 a6 26. Bb6 Rd3 27. Rc8+ Kh7 28. Rc3 Rxc3 29. Nxc3 Nd6 30. h4 Nd5 31. Nxd5 exd5 32. Kf1 Kg6 33. Ke2 Kf5 34. Kd3 Ke6 35. Kd4 Nc4 36. Bc5 g6 1/2-1/2

[Event "Niedersachsen-ch open"]
[Site "Verden"]
[Date "2010.01.04"]
[Round "3.50"]
[White "Langenfeld, Stefan"]
[Black "Tautz, Felix"]
[Result "0-1"]
[WhiteElo "1958"]
[BlackElo "1269"]
[PlyCount "80"]
[EventDate "2010.01.03"]
[EventType "swiss"]
[EventRounds "7"]
[EventCountry "GER"]
[SourceTitle "EXT 2012"]
[Source "ChessBase"]
[SourceDate "2011.11.24"]
[SourceVersion "1"]
[SourceVersionDate "2011.11.24"]
[SourceQuality "1"]

1. e4 c5 2. Nf3 a6 3. c4 Nc6 4. Nc3 g6 5. d4 cxd4 6. Nxd4 Bg7 7. Be3 e6 8. Be2 Nge7 9. Qd2 0-0 10. 0-0 f5 11. Nxc6 Nxc6 12. Rad1 Qc7 13. exf5 Rxf5 14. Ne4 Rf8 15. Bh6 Bxh6 16. Qxh6 Qe5 17. Ng5 Qg7 18. Qxg7+ Kxg7 19. Rd6 h6 20. Ne4 Rb8 21. Rfd1 b5 22. cxb5 axb5 23. Nc5 Ne5 24. g3 g5 25. R1d4 Rf7 26. Rb4 Kg6 27. Rxb5 Ra8 28. a3 Ra7 29. Rb8 Rc7 30. b4 h5 31. Kg2 Kf5 32. Bxh5 Rg7 33. Bd1 Nc4 34. Rd3 Ne5 35. Rd2 d5 36. Bc2+ Kf6 37. Rb6 Nc4 38. Rxe6+ Bxe6 39. Re2 Rge7 40. a4 Bh3+ 0-1

[Event "Niedersachsen-ch open"]
[Site "Verden"]
[Date "2010.01.03"]
[Round "1.53"]
[White "Hentrop, Malte"]
[Black "Tautz, Felix"]
[Result "0-1"]
[WhiteElo "1665"]
[BlackElo "1269"]
[PlyCount "100"]
[EventDate "2010.01.03"]
[EventType "swiss"]
[EventRounds "7"]
[EventCountry "GER"]
[SourceTitle "EXT 2012"]
[Source "ChessBase"]
[SourceDate "2011.11.24"]
[SourceVersion "1"]
[SourceVersionDate "2011.11.24"]
[SourceQuality "1"]

1. d4 d5 2. c4 e6 3. Nc3 Nf6 4. Nf3 Nbd7 5. Bg5 Be7 6. e3 h6 7. Bf4 0-0 8. Bd3 b6 9. Nb5 c6 10. Bc7 Bb4+ 11. Nd2 Qe7 12. Nc3 e5 13. 0-0 Ne8 14. Bxe5 Nxe5 15. dxe5 Qxe5 16. Nf3 Qd6 17. cxd5 Bxc3 18. bxc3 Qxd5 19. Qc2 Nf6 20. Rfd1 Qe6 21. Rd2 Bd7 22. Nd4 Qe5 23. Bf5 Bxf5 24. Qxf5 Qd6 25. Rad1 c5 26. Nb5 Qc6 27. c4 Ne4 28. Rd5 a6 29. Nd6 Nc3 30. R1d3 Nxd5 31. Rxd5 Rad8 32. Qd3 b5 33. cxb5 axb5 34. e4 c4 35. Qd1 c3 36. Nf5 Rxd5 37. exd5 Qc5 38. Qc2 Re8 39. Ne3 b4 40. g3 Rxe3 41. fxe3 Qxe3+ 42. Kf1 Qf3+ 43. Kg1 Qxd5 44. Qe2 b3 45. axb3 Qxb3 46. Qe8+ Kh7 47. Qe4+ g6 48. Qf3 Qb1+ 49. Kg2 Qb2+ 50. Kf1 Kg7 0-1

[Event "Enschede op-C U14"]
[Site "Enschede"]
[Date "2009.08.05"]
[Round "6"]
[White "Cox, Jan"]
[Black "Tautz, Felix"]
[Result "1-0"]
[WhiteElo "1752"]
[BlackElo "1200"]
[PlyCount "77"]
[EventDate "2009.08.03"]
[EventType "swiss"]
[EventRounds "7"]
[EventCountry "NED"]
[SourceTitle "CBM 132 Extra"]
[Source "ChessBase"]
[SourceDate "2009.11.03"]
[SourceVersion "1"]
[SourceVersionDate "2009.11.03"]
[SourceQuality "1"]

1. e4 c5 2. c3 a6 3. d4 cxd4 4. cxd4 e6 5. Nf3 Bb4+ 6. Nc3 Ne7 7. Bd3 0-0 8. 0-0 d5 9. Be3 Nbc6 10. Qc2 h6 11. e5 Bd7 12. Ne2 Rc8 13. Qd1 Ba5 14. Ng3 Nb4 15. Bb1 Bb5 16. Re1 Nxa2 17. Rxa2 Bxe1 18. Nxe1 Bc4 19. Ra3 Ng6 20. Qg4 Qh4 21. Qxh4 Nxh4 22. Nd3 Ng6 23. Nc5 Rc7 24. Bxg6 Re7 25. Bd3 f6 26. Bxc4 dxc4 27. Nce4 f5 28. d5 exd5 29. Bc5 Rxe5 30. Bxf8 f4 31. Bd6 Re6 32. Bxf4 dxe4 33. Be3 b5 34. Ra1 Kf7 35. Rd1 Kf6 36. Rd7 Rc6 37. Nxe4+ Kf5 38. Ng3+ Kg6 39. Bd4 1-0

[Event "Niedersachsen-chT U12"]
[Site "Verden an der Aller"]
[Date "2008.05.01"]
[Round "3.3"]
[White "Hapke, Moritz"]
[Black "Tautz, Felix"]
[Result "1-0"]
[WhiteElo "887"]
[BlackElo "841"]
[PlyCount "77"]
[EventDate "2008.05.01"]
[EventType "team-tourn"]
[EventRounds "7"]
[EventCountry "GER"]
[SourceTitle "EXT 2009"]
[Source "ChessBase"]
[SourceDate "2008.11.26"]
[SourceVersion "1"]
[SourceVersionDate "2008.11.26"]
[SourceQuality "1"]

1. e4 e5 2. Nf3 Nc6 3. Bc4 Nf6 4. Nc3 Bc5 5. d3 h6 6. Be3 Bb6 7. Bxb6 axb6 8. Bb5 d6 9. d4 exd4 10. Nxd4 0-0 11. Nxc6 bxc6 12. Bxc6 Ra7 13. 0-0 Bb7 14. Bxb7 Rxb7 15. Re1 Re8 16. f3 c5 17. Nd5 Nxd5 18. Qxd5 Rbe7 19. Rad1 Rd7 20. a3 Qb8 21. Qc6 Qd8 22. b4 cxb4 23. axb4 d5 24. e5 Re6 25. Qc3 d4 26. Qd3 Qe7 27. c3 dxc3 28. Qxd7 Qxb4 29. Qd4 Qa5 30. Qe4 Qc5+ 31. Kh1 c2 32. Rd8+ Qf8 33. Rxf8+ Kxf8 34. Qxc2 f5 35. Qc5+ Kg8 36. Rd1 g6 37. Rd8+ Kg7 38. Qf8+ Kh7 39. Qh8# 1-0